000 00426pam a2200169 a 4500
020 _a0-8273-3522-9
_c
041 _h
082 _a613.2
100 _aLESLI E. COMMINGS.
_eAuthor
245 _aNUTRITION MANAGEMENT FOR FOODSERVICE.
_cLESLI E. COMMINGS.
_hTextual Documents
250 _a1st
260 _acanada
_bDelmar Pub
300 _a402
653 _afood service managemnt
700 _eCo-Author
930 _a3505
999 _c230902
_d230902